00943nam a2200253Ia 450000500170000000800410001702000180005810000310007624500960010725000180020330000480022149000400026965000400030965000420034965100450039170000310043670000420046726400460050933600270055533700330058233800280061504000350064308400110067820220317001541.0161108s2014 ck a g 000 p s  a97895885457521 aAmaral, Ana Luísad1956-10aComo túcAna Luísa Amaral ; ilustraciones Elsa Navarro ; traducción Lauren Mendinueta a1a. edición a62 páginasbilustraciones en colorc24 cm aTaller de Edición-Rocca. Poesía142LEMBaPoesía portuguesaySiglo XX142LEMBaLiteratura portuguesaySiglo XX aLEMBvLibros ilustrados en la literatura1 aNavarro, Elsaeilustradora1 aMendinueta, Laurend1977-etraductora aBogotábTaller de Edición Roccac2014 atextobtxt2rdacontent asin mediaciónbn2rdamedia avolumenbnc2rdacarrier aCO-BoRNBPbspaerdacCO-BoRNBP aP AMA6